000 00533nam a2200193Ia 4500
003 GCL
008 140319s9999 xx 000 0 eng d
040 _aGCL /
_cGCL
082 0 4 _a297.83
_bO I
100 1 _aO'BALLANCE, EDGAR
245 1 0 _aISLAMIC FUNDAMENTALIST TERRORISM 1979 - 1995: THE IRANIAN CONNECTION /
_cO'BALLANCE, EDGAR
260 _a[S.N] :
_bMACMILLAN PRESS ،
_c1997
300 _a228 P
650 0 4 _aنجد
650 0 4 _aGAMA ISLAMIYA
650 0 4 _aISLAM - FUNDAMENTALIST
650 0 4 _aHAMAS
942 _2ddc
_cBK
999 _c14001
_d14001